A Song of Ice and Fire/Game of Thrones Quotes - Statistics

General Stats
  • This quiz has been taken 411 times
  • The average score is 6 of 15
Answer Stats
Hint Answer % Correct
Power resides where men believe it resides. No more and no less. Lord Varys
81%
There are no men like me. There’s only me. Ser Jaime Lannister
76%
You're mine, as I'm yours and if we die we'll die, but first we'll live. Ygritte
66%
There are no true knights, no more than there are gods. If you can’t protect yourself, die and get out of the way of those who can. Sandor Clegane
60%
Rhaegar fought valiantly, Rhaegar fought nobly...and Rhaegar died. Ser Jorah Mormont
59%
A good act does not wash out the bad, nor a bad act the good. Each should have its own reward. Stannis Baratheon
38%
If there are gods to listen, they are monstrous gods who torment us for their sport. Who else would make a world like this, so full of bondage, blood, and pain? Tyrion Lannister
29%
All men are fools, if truth be told, but the ones in motley are more amusing than the ones with crowns. Lady Olenna
26%
The dead are likely dull fellows, full of tedious complaints. "Dolorous" Edd Tollett
25%
A reader lives a thousand lives before he dies, the man who never reads lives only one. Jojen Reed
24%
The more you give a king the more he wants. We are walking on a bridge of ice with an abyss on either side. Pleasing one king is difficult enough. Pleasing two is hardly possible. Jon Snow
23%
No man is free. Only children and fools think elsewise. Lord Tywin Lannister
21%
Nothing discourages unwanted questions as much as a flow of pious bleating. Lord Petyr Baelish
15%
The world is one great web, and a man dare not touch a single strand lest all the others tremble. Illyrio Mopatis
7%
I want to live forever in a land where summer lasts a thousand years. I want a castle in the clouds where I can look down over the world. I want to be six-and-twenty again. When I was six-and-twenty I could fight all day and fuck all night. What men want does not matter Chief Hugo Wull
5%
No matching quizzes found
Score Distribution
Percent of People with Each Score
Percentile by Number Answered
Your Score History
You have not taken this quiz